Me and Bobby McGee lyrics (Janis Joplin) - Statistics

General Stats
  • This quiz has been taken 12 times
  • The average score is 159 of 271
Answer Stats
Lyrics % Correct
a
100%
Bobby
100%
Bobby,
100%
for
100%
I
100%
to
100%
To
100%
and
91%
in
91%
McGee
91%
me
91%
me,
91%
my
91%
on
91%
all
82%
be
82%
he
82%
if
82%
it
82%
no
82%
We
82%
When
82%
when
82%
free,
73%
is
73%
just
73%
mine
73%
of
73%
One
73%
one
73%
That
73%
that
73%
the
73%
was
73%
another
64%
Bobby's
64%
day
64%
every
64%
Freedom
64%
hand
64%
knew
64%
left
64%
lose
64%
nothin'
64%
Nothin',
64%
nothin',
64%
word
64%
But
55%
driver
55%
From
55%
from
55%
him
55%
holdin'
55%
song
55%
that's
55%
time
55%
us
55%
way
55%
You
55%
ain't
45%
as
45%
away
45%
blues,
45%
blues
45%
body
45%
can,
45%
down
45%
He's
45%
know
45%
let
45%
Lord,
45%
next
45%
out
45%
sang
45%
train
45%
waitin'
45%
baby
36%
bandana
36%
Baton
36%
before
36%
Busted
36%
California
36%
coal
36%
did
36%
dirty
36%
done
36%
easy,
36%
enough
36%
everything
36%
feelin'
36%
flat
36%
good
36%
Good
36%
home
36%
hope
36%
jeans
36%
Kentucky
36%
lookin'
36%
near
36%
New
36%
Rouge,
36%
slip
36%
soul
36%
trade
36%
up
36%
Well,
36%
while
36%
Windshield
36%
wipers
36%
yesterday
36%
best
27%
diesel
27%
don't
27%
faded
27%
finds
27%
harpoon
27%
I'd
27%
kinds
27%
mean
27%
Orleans
27%
playin'
27%
rained
27%
red
27%
rode
27%
said,
27%
secrets
27%
shared
27%
single
27%
soft
27%
sun
27%
Through
27%
through
27%
thumbed
27%
tomorrows
27%
weather,
27%
we'd
27%
yeah
27%
Yeah,
27%
come
18%
honey,
18%
kept
18%
man
18%
pulled
18%
Salinas,
18%
called
9%
cold
9%
lover,
9%
mm
9%
slappin'
9%
Hey,
0%
hm
0%
No matching quizzes found
Score Distribution
Percent of People with Each Score
Percentile by Number Answered
Your Score History
You have not taken this quiz